| 000 | 00000nam 2200000zi 4500 |
| 001 | 9.913979 |
| 003 | CaOODSP |
| 005 | 20231211091721 |
| 006 | m o d f |
| 007 | cr cn||||||||| |
| 008 | 220729t20222022onco o f000 0 kor d |
| 020 | |a9780660447957 |
| 040 | |aCaOODSP|beng|erda|cCaOODSP |
| 043 | |an-cn--- |
| 086 | 1 |aPS74-18/2022Kor-PDF |
| 245 | 00|a[Protecting national security in partnership with all Canadians]. |
| 250 | |a[Korean edition]. |
| 264 | 1|a[Ottawa] : |bCanadian Security Intelligence Service = Service canadien du renseignement de sécurité, |c2022. |
| 264 | 4|c©2022 |
| 300 | |a1 online resource (8 pages) : |bphotographs |
| 336 | |atext|btxt|2rdacontent |
| 337 | |acomputer|bc|2rdamedia |
| 338 | |aonline resource|bcr|2rdacarrier |
| 500 | |aEnglish title supplied by the publisher. |
| 500 | |aIssued also in English under title: Protecting national security in partnership with all Canadians. |
| 520 | |a["A safe, secure and prosperous Canada through trusted intelligence, advice and action"]--[Cover]. |
| 530 | |aIssued also in printed form. |
| 650 | 0|aRadicalism|zCanada. |
| 650 | 0|aReligious fundamentalism|zCanada. |
| 650 | 0|aTerrorism|xPrevention|xGovernment policy|zCanada. |
| 650 | 0|aNational security|zCanada. |
| 710 | 2 |aCanadian Security Intelligence Service, |eissuing body. |
| 775 | 08|tProtecting national security in partnership with all Canadians.|w(CaOODSP)9.911834 |
| 776 | 0#|tProtecting national security in partnership with all Canadians.|w(CaOODSP)9.914659 |
| 792 | |t[Protéger la sécurité nationale en partenariat avec tous les Canadiens].|efre|w(CaOODSP)9.913981 |
| 856 | 40|qPDF|s6.11 MB|uhttps://publications.gc.ca/collections/collection_2023/scrs-csis/PS74-18-2022-kor.pdf |